000 00227nam a2200097Ia 4500
005 20251222114357.0
008 251222s1900||||xx |||||||||||||| ||spa||
082 _aDVD0070/K79/1961
245 0 _aJudgment at Nuremberg:
942 _cDVD
999 _c1475
_d1475